Văn học Việt Nam hiện đại Những chân dung tiêu biểu

Spremljeno u:
Bibliografski detalji
Glavni autor: PHONG LÊ
Format: Knjiga
Jezik:Undetermined
Izdano: Hà Nội ĐHQG 2001
Teme:
Oznake: Dodaj oznaku
Bez oznaka, Budi prvi tko označuje ovaj zapis!
Thư viện lưu trữ: Trung tâm Học liệu Trường Đại học Cần Thơ
LEADER 00587nam a2200217Ia 4500
001 CTU_46979
008 210402s9999 xx 000 0 und d
082 |a 895.922092 
082 |b Ph431 
100 |a PHONG LÊ 
245 0 |a Văn học Việt Nam hiện đại 
245 0 |b Những chân dung tiêu biểu 
245 0 |c PHONG LÊ 
260 |a Hà Nội 
260 |b ĐHQG 
260 |c 2001 
650 |a vietnamese literature,writers 
650 |x biography 
650 |z vietnam 
904 |i Minh 
980 |a Trung tâm Học liệu Trường Đại học Cần Thơ